| 000 | 00948nas a2200265 454500 | ||
|---|---|---|---|
| 001 | 24734 | ||
| 005 | 20260407193506.0 | ||
| 008 | 260407s1956####ag###########|||spa#d | ||
| 003 | AR-UNSa-BCEJYS | ||
| 040 |
_aAR-UNSa-BCEJYS _bspa _cAR-UNSa-BCEJYS |
||
| 080 |
_a34 _xDerecho |
||
| 245 | 1 | 0 | _aBoletín de la Facultad de Derecho y Ciencias Sociales |
| 022 | _a0325-0547 | ||
| 264 | 1 |
_aCórdoba : _bUniversidad Nacional de Córdoba _c1956 |
|
| 310 | _aFrecuencia: Irregular Cambia de Director a partir del Año XXIV, Nº 3/4 por Aldo J. Cima | ||
| 942 | _cSER | ||
| 590 | _aniveau_biblio:s niveau_hierar:1 | ||
| 100 | 1 | _aUniversidad Nacional de Córdoba | |
| 700 | 1 | _aVera Barros, Oscar N. | |
| 650 | _aCiencias sociales | ||
| 650 | _aDerecho | ||
| 650 | _aLegislación | ||
| 650 | _aDOCTRINA | ||
| 856 | 4 | 1 |
_uhttps://biblioeco.unsa.edu.ar/pmb/images/revistas/Boletin de la Facultad de Derecho y C. Sociales(UNC).jpg _yImagen de portada _qimage/jpeg |
| 999 |
_c8580 _d8580 |
||